Calidad para la enseñanza del lenguaje : (Record no. 2763)

000 -CABECERA
fixed length control field 00746nam a22002057a 4500
003 - IDENTIFICADOR DEL NÚMERO DE CONTROL
control field AR-CdUCM
008 - DATOS DE LONGITUD FIJA--INFORMACIÓN GENERAL
fixed length control field 190305b ||||| |||| 00| 0 spa d
040 ## - FUENTE DE LA CATALOGACIÓN
Agencia/entidad que catalogó originalmente la obra MUNICIPALIDAD PROVINCIAL DEL CUSCO
Entidad que transcribió la catalogación BIBLIOTECA MUNICIPAL DEL CUSCO
082 ## - NÚMERO DE LA CLASIFICACIÓN DECIMAL DEWEY
No. de Clasificación 374.01 /
Notacion interna M63
100 ## - ENTRADA PRINCIPAL--NOMBRE DE PERSONA
Nombre Personal Miranda Zambrano, Elvio
245 ## - MENCIÓN DE TÍTULO
Título Calidad para la enseñanza del lenguaje :
Resto del título nueva tecnología para el docente /
260 ## - PUBLICACIÓN, DISTRIBUCIÓN, ETC.
Lugar de publicación, distribución, etc. Cusco :
Nombre de la editorial, distribuidor, etc. ALPHA EIRL,
Fecha de publicación, distribución, etc. 1996.
300 ## - DESCRIPCIÓN FÍSICA
Nº de Páginas Extensión 389 páginas ;
Dimensiones 20 cm.
505 ## - NOTA DE CONTENIDO CON FORMATO
Nota de contenido formateada Tecnología y lenguaje oral -- Revisión de lo pre-requisitos indispensable -- Tecnología didáctica...
650 ## - PUNTO DE ACCESO ADICIONAL DE MATERIA--TÉRMINO DE MATERIA
Descriptor Pedagogía.
9 (RLIN) 1560
650 ## - PUNTO DE ACCESO ADICIONAL DE MATERIA--TÉRMINO DE MATERIA
Descriptor Lenguaje oral.
9 (RLIN) 9637
650 ## - PUNTO DE ACCESO ADICIONAL DE MATERIA--TÉRMINO DE MATERIA
Descriptor Lengua.
9 (RLIN) 2065
942 ## - ELEMENTOS DE PUNTO DE ACCESO ADICIONAL (KOHA)
Fuente de clasificación
Tipo de item Libros-BMC
945 ## - PROCESAMIENTO DE INFORMACIÓN LOCAL (OCLC)
Catalogador wfj
AAAA-MM-DD - Fecha de ingreso o modificacion 2019-03-05
Holdings
Estado de retiro (separado) Fuente de clasificación o esquema de estanterías Estado dañado Ubicación Sala donde se ubica Nombre de la colección Fecha de adquisición o compra Costo, precio normal en soles Signatura topográfica Código de Barras Última vez visto (Koha) Tipo de ítem (Koha)
No     Sala Humanidades Sala Humanidades Book Cart 2019-03-05 30.00 374.01 / M63 SH0000003008 2019-03-05 Libros-BMC
No     Sala Humanidades Sala Humanidades Book Cart 2019-04-10 30.00 374.01 / M63 / e.2 SH0000010508 2019-04-10 Libros-BMC

Powered by Koha